000 00451nam a22001577a 4500
005 20251108165323.0
008 250721s1985 xx 000 0 ara d
082 1 4 _a634.8/كرو
100 1 _aسوريال، جميل فهيم
245 1 0 _aكروم العنب و طرق إنتاجها /
264 _bالدار العربية للنشر،
_c1985.
300 _a232ص : رسومات
650 1 7 _aالعنب
942 _2ddc
_cBK
999 _c25017
_d25017